000 00416nam a2200169Ia 4500
005 20240823062812.0
008 240823s9999||||xx |||||||||||||| ||und||
082 _A650.01513 N4
100 _aSaha S
245 0 _aBasic Business Mathematics and Statistics
250 _a1st
260 _c1994
_b"Central,Calcutta"
500 _aYES
650 _aManagement
_bManagement Studies
942 _cBK
999 _c236742
_d236742